ბათუმის შოთა რუსთაველის სახელმწიფო უნივერსიტეტის ბიბლიოთეკა

Витязь в тигровой шкуре (на абхаз. языке)=ვეფხისტყაოსანი (აბხაზურ ენაზე) (ბიბ.ჩანაწერი № 55247)

000 -LEADER
fixed length control field 01364nam a2200265Ia 4500
001 - CONTROL NUMBER
control field 22323
003 - CONTROL NUMBER IDENTIFIER
control field GE_BSU
005 - DATE AND TIME OF LATEST TRANSACTION
control field 20221026115026.0
008 - FIXED-LENGTH DATA ELEMENTS--GENERAL INFORMATION
fixed length control field 181216s1978||||ge |||||||||||||| ||abk||
040 ## - CATALOGING SOURCE
Transcribing agency GE_BSU
041 ## - LANGUAGE CODE
Language code of text/sound track or separate title abk
080 ## - UNIVERSAL DECIMAL CLASSIFICATION NUMBER
Universal Decimal Classification number 821.353.1-13(=352.2) Р-88
100 ## - MAIN ENTRY--PERSONAL NAME
Personal name რუსთაველი, შოთა / Руставели, Шота
9 (RLIN) 15550
245 ## - TITLE STATEMENT
Title Витязь в тигровой шкуре (на абхаз. языке)=ვეფხისტყაოსანი (აბხაზურ ენაზე)
Statement of responsibility, etc. თარგმანი რუსული ენიდან მ. ლასურიასი. რედ. პ. ცქვიტარია.
264 ## - PRODUCTION, PUBLICATION, DISTRIBUTION, MANUFACTURE, AND COPYRIGHT NOTICE
Place of production, publication, distribution, manufacture სოხუმი :
Name of producer, publisher, distributor, manufacturer ალაშარა,
Date of production, publication, distribution, manufacture, or copyright notice 1978.
300 ## - PHYSICAL DESCRIPTION
Extent 307 გვ.:
Other physical details ილ.;
Dimensions 30 სმ.
520 ## - SUMMARY, ETC.
Summary, etc. წიგნი არის აბხაზურ ენაზე
653 ## - INDEX TERM--UNCONTROLLED
keyword Шота Руставели (на абхаз. языке)
653 ## - INDEX TERM--UNCONTROLLED
keyword შოთა რუსთავლი (აბხაზურ ენაზე)
653 ## - INDEX TERM--UNCONTROLLED
keyword Витязь в тигровой шкуре
653 ## - INDEX TERM--UNCONTROLLED
keyword ვეფხისტყაოსანი
700 ## - ADDED ENTRY--PERSONAL NAME
Numeration ლასურიასი, მ.
Relator term მთარგმნელი
9 (RLIN) 15551
700 ## - ADDED ENTRY--PERSONAL NAME
Personal name ცქვიტარია, პ.
Relator term რედაქტორი
9 (RLIN) 15552
942 ## - ADDED ENTRY ELEMENTS (KOHA)
Koha item type წიგნი
Source of classification or shelving scheme
ეგზემპლარები
Withdrawn status Lost status Source of classification or shelving scheme Damaged status Not for loan Permanent Location Current Location Shelving location Date acquired Cost, normal purchase price Full call number Barcode Date last seen Copy number Price effective from Koha item type Public note
          ბათუმის შოთა რუსთაველის სახელმწიფო უნივერსიტეტის მთავარი ბიბლიოთეკა ბათუმის შოთა რუსთაველის სახელმწიფო უნივერსიტეტის მთავარი ბიბლიოთეკა წიგნსაცავი 2018-12-17 10.00 821.353.1-13(=352.2) Р-88 28098 2018-12-17 28098 2018-12-17 წიგნი 10 ლ.